Sequential Pokémon that Start with the Same Letter - Kanto - Statistics

General Stats
  • This quiz has been taken 252 times
  • The average score is 45 of 64
Answer Stats
Letter Pokédex Number Pokémon % Correct
6 Charizard
98%
C 4 Charmander
98%
5 Charmeleon
97%
31 Nidoqueen
91%
34 Nidoking
90%
N 29 Nidoran (Female)
90%
32 Nidoran (Male)
90%
30 Nidorina
90%
33 Nidorino
90%
18 Pidgeot
90%
P 16 Pidgey
90%
17 Pidgeotto
89%
R 19 Rattata
87%
20 Raticate
86%
151 Mew
80%
M 150 Mewtwo
79%
S 27 Sandshrew
76%
28 Sandslash
76%
49 Venomoth
76%
V 48 Venonat
75%
D 50 Diglett
73%
51 Dugtrio
73%
G 74 Geodude
73%
76 Golem
73%
75 Graveler
72%
148 Dragonair
71%
D 147 Dratini
71%
K 142 Kabuto
71%
141 Omastar
71%
P 60 Poliwag
71%
61 Poliwhirl
71%
62 Poliwrath
71%
149 Dragonite
70%
M 66 Machop
70%
O 140 Omanyte
70%
143 Kabutops
69%
68 Machamp
69%
67 Machoke
69%
P 46 Paras
69%
47 Parasect
68%
36 Clefable
66%
C 35 Clefairy
66%
102 Exeggcute
64%
103 Exeggutor
64%
99 Kingler
64%
K 98 Krabby
64%
112 Rhydon
64%
R 111 Rhyhorn
64%
D 84 Doduo
59%
85 Dodrio
58%
121 Starmie
57%
120 Staryu
57%
107 Hitmonchan
56%
H 106 Hitmonlee
56%
T 72 Tentacool
55%
P 53 Persian
54%
73 Tentacruel
53%
E 101 Electrode
52%
M 81 Magnemite
50%
80 Slowbro
50%
S 79 Slowpoke
50%
82 Magneton
49%
54 Psyduck
47%
S 119 Seaking
41%
No matching quizzes found
Score Distribution
Percent of People with Each Score
Percentile by Number Answered
Your Score History
You have not taken this quiz